[Event "Jugendweltmeisterschaft U12w"]
[Site "Belfort (FRA)"]
[Date "2005.07.28"]
[Round "11.1"]
[White "Bulmaga, Irina"]
[Black "Arabidze, Meri"]
[Result "0-1"]
[WhiteElo "2074"]
[BlackElo "1599"]
[PlyCount "126"]
[EventDate "2005.07.18"]

1. e4 c5 2. Nf3 e6 3. d3 Nc6 4. g3 g6 5. Bg2 Bg7 6. O-O Nge7 7. c3 O-O 8. Be3
b6 9. d4 cxd4 10. Nxd4 Bb7 11. Na3 d5 12. Nxc6 Bxc6 13. exd5 Bxd5 14. Bxd5 Nxd5
15. Qf3 Qe7 16. Nc2 Rfd8 17. Rad1 Rac8 18. Rfe1 Qf6 19. Qxf6 Bxf6 20. Bd4 Bxd4
21. Rxd4 b5 22. Red1 Re8 23. Nb4 Nb6 24. Nd3 Red8 25. Ne5 Rd5 26. Ng4 Rxd4 27.
Rxd4 Rc4 28. Rd8+ Kg7 29. Ne3 Rc7 30. Kf1 Kf6 31. Ke2 Ke7 32. Rd4 Rc5 33. Kd2
e5 34. Rd3 f5 35. b4 Rc6 36. Nd5+ Nxd5 37. Rxd5 Rd6 38. Rd3 Ke6 39. Rxd6+ Kxd6
40. Kd3 Kd5 41. Ke3 Kc4 42. Kd2 g5 43. h3 h5 44. Kc2 e4 45. Kd2 f4 46. gxf4
gxf4 47. h4 a6 48. Kc2 e3 49. f3 e2 50. Kd2 e1=Q+ 51. Kxe1 Kxc3 52. Ke2 Kxb4
53. Kd3 Ka3 54. Ke4 Kxa2 55. Kxf4 b4 56. Kg5 b3 57. f4 b2 58. Kxh5 b1=Q 59. Kg5
Qg1+ 60. Kh5 Kb3 61. f5 Kc4 62. f6 Kd5 63. f7 Qg7 0-1

[Event "Jugendweltmeisterschaft U10"]
[Site "Belfort"]
[Date "2005.07.28"]
[Round "11.2"]
[White "Vakhidov, Jakhongir"]
[Black "Grover, Sahaj"]
[Result "1/2-1/2"]
[WhiteElo "1599"]
[BlackElo "1955"]
[PlyCount "39"]
[EventDate "2005.07.18"]

1. c4 e6 2. Nc3 d5 3. cxd5 exd5 4. d4 Nf6 5. Bg5 c6 6. e3 Be7 7. Bd3 O-O 8. Nf3
Ne4 9. Bxe7 Qxe7 10. O-O Bg4 11. Be2 Nd7 12. Nd2 Bxe2 13. Qxe2 f5 14. f3 Nxd2
15. Qxd2 Rae8 16. Rae1 Qg5 17. Rf2 Nf6 18. Rfe2 Re6 19. Qc2 Rfe8 20. Nb1
1/2-1/2

[Event "Jugendweltmeisterschaft U10w"]
[Site "Belfort"]
[Date "2005.07.28"]
[Round "11.1"]
[White "Wang, Jie"]
[Black "Iwanow, Anna"]
[Result "1-0"]
[WhiteElo "1599"]
[BlackElo "1854"]
[PlyCount "79"]
[EventDate "2005.07.18"]

1. e4 c5 2. Nf3 d6 3. d4 cxd4 4. Nxd4 Nf6 5. Nc3 a6 6. f3 e6 7. Be3 b5 8. g4
Qc7 9. Qd2 Bb7 10. O-O-O Nfd7 11. Qf2 b4 12. Nce2 d5 13. exd5 Bxd5 14. Kb1 Nc5
15. Nf4 Bb7 16. Nb3 Nbd7 17. Nd3 Na4 18. Bf4 Qc6 19. Bg2 Be7 20. h4 a5 21. Ne5
Nxe5 22. Bxe5 f6 23. Bg3 O-O 24. Rd2 Nb6 25. Nd4 Qc4 26. b3 Qc8 27. f4 Bxg2 28.
Qxg2 a4 29. Nc6 Qe8 30. Qe4 Qf7 31. Re1 e5 32. fxe5 axb3 33. cxb3 Kh8 34. e6
Qe8 35. Nxe7 Qxe7 36. Bd6 Qa7 37. Bxf8 Rxf8 38. e7 Re8 39. Rd8 f5 40. gxf5 1-0